Historical ecology in the Pacific Islands : prehistoric environmental and landscape change
Αποθηκεύτηκε σε:
| Συγγραφή απο Οργανισμό/Αρχή: | |
|---|---|
| Άλλοι συγγραφείς: | , |
| Μορφή: | Βιβλίο |
| Γλώσσα: | English |
| Δημοσίευση: |
New Haven :
Yale University Press,
c1997
|
| Θέματα: | |
| Ετικέτες: |
Προσθήκη ετικέτας
Δεν υπάρχουν, Καταχωρήστε ετικέτα πρώτοι!
|
MARC
| LEADER | 00000nam a2200000 i 4500 | ||
|---|---|---|---|
| 001 | 1/99347 | ||
| 008 | 000127s1997 eng d | ||
| 020 | |a 0-300-06603-1 | ||
| 035 | |l 10056848 | ||
| 040 | |a GR-MY-UA |b gre |e aacr | ||
| 041 | 0 | |a eng | |
| 082 | 0 | |a 304.20995 | |
| 245 | 1 | 0 | |a Historical ecology in the Pacific Islands : |b prehistoric environmental and landscape change / |c Edited by Patrick V. Kirch and Terry L. Hunt |
| 260 | |a New Haven : |b Yale University Press, |c c1997 | ||
| 300 | |a 331 p. |b fig.; tabl. | ||
| 500 | |a Based on papers presented at the XVIIth Pacific Science Congress held in Honolulu in 1991 | ||
| 504 | |a Includes bibliographical references and index | ||
| 650 | 0 | 0 | |a Prehistoric peoples |z Oceania |x Congresses. |
| 650 | 0 | 0 | |a Land settlement patterns, Prehistoric |z Oceania |x Congresses. |
| 650 | 0 | 0 | |a Landscape changes |z Oceania |x History |x Congresses. |
| 650 | 0 | 0 | |a Human ecology |z Oceania |x History |x Congresses. |
| 650 | 0 | 0 | |a Biotic communities |z Oceania |x History |x Congresses. |
| 700 | 1 | |a Kirch, Patrick Vinton. |4 edt | |
| 700 | 1 | |a Hunt, Terry L. | |
| 710 | 2 | |a Pacific Science Congress. | |
| 852 | |a INST |b LESVOS |e 20000127 |h 304.20995 HIS |p 005100021638 |q 005100021638 |t BK |y 0 | ||
| 901 | |a BIBL1-2000-1 | ||
| 909 | |a Λ |b 070378 | ||
| 922 | |a 1ΕΛΗ |b 1999911 |c ΚΠΣ/ΤΓ |d LEADER | ||
| 950 | |a 118-1999-09-03 | ||
| 970 | |a ΜΟΥΣΤΑΚΑ |b ΠΗΝΕΛΟΠΗ |z 2000/02/15 | ||